01105nam a2200241Ia 4500001000600000003000900006008004100015040001300056040001300069041001300082100001100095100002900106245002000135245002000155250001100175260001100186260001500197260004900212300005700261500048600318650002800804650003100832G7486IT-RoPAU130308s9999 xx 000 0 und d aIT-RoPAU cIT-RoPAU aITALIANO aAA.VV. gCodice Aut. SPICS: 12000 aValerio Zurlini bValerio Zurlini a1a ed. aMILANO bIl Castoro c2001 [1° Ed.:2001 - Ed.Ling.Originale:2001] a"120 p. (prefazione: no ; testo: 120 [pagine: 0-0])" a"Monografia con Vita e Opere del regista Valerio Zurlini. nato a Bologna nel 1926, muore a Verona nel 1982. regista Colto, Schivo, Spesso Isolato, Ha Insegnato con rigore L'Idea che Il Cinema, Essendo Un'Arte, Ha Il dovere Morale di Svelare l'essenza dei Sentimenti. tra I Suoi Film Ricordiamo in Particolare: la Ragazza con la Valigia (1961); Cronaca Familiare (1962); la Prima Notte di Quiete (1972); Il Deserto dei Tartari (1976). Filmografia, videografia e Nota Bibliografica." aAUTORI/OPERE DEL CINEMA eCodice materia Spics: 6807